000 01419nam a2200265Ia 4500
999 _c40850
_d40850
001 7491
003 GE_BSU
005 20221011110216.0
008 181216s1983||||ge |||||||||||||| ||geo||
040 _cGE_BSU
041 _ageo
080 _a141.811 მ-85
100 _aმორი, ტომას
_93914
245 _aუტოპია /
_cტომას მორი; ლათ. თარგმნა, შესავ. წერილი, შენიშვნ. და საძ. დაურთო ნინო გომართელმა ; [რედ.: ა. ურუშაძე] ; თსუ-ს ბერძნულ-ლათინური ბიბ-კა.
264 _aთბ. :
_bთბილ. უნ-ტის გამ-ბა,
_c1983.
300 _a156 გვ.;
_b20 სმ.
300 _bპარალ.თავფურ.რუს.და ლათ.ენებზე.
300 _eპირთა და გეოგრაფიულ სახელთა საძიებელი:გვ.153-155.
500 _aპარალ. თავფურ. რუს. და ლათ. ენებზე.
501 _aპირთა და გეოგრაფიულ სახელთა საძიებელი: გვ. 153-155.
541 _h25ლ.
653 _aუტოპია
653 _aუტოპიური სოციალიზმი
942 _cBK
_2udc